| 000 | 00918nam a2200253 a 4500 | ||
|---|---|---|---|
| 001 | 61756 | ||
| 003 | BD-RjUL | ||
| 005 | 20211209081011.0 | ||
| 008 | 170121s1962 ii 0|1 0 eng d | ||
| 035 | _a(BD-RjUL)61880 | ||
| 040 |
_aBD-RjUL _cBD-RjUL _dBD-RjUL _beng |
||
| 041 | 0 | _aeng | |
| 082 |
_223 _a491.25 _bMOP 1962 |
||
| 100 | 1 |
_aMonier-Williams, Monier, _d1819-1899. _9183890 |
|
| 245 | 1 | 2 |
_aA practical grammar of the Sanskrit language : _barranged with reference to the classical languages of Europe for the use of English students / _cMonier Monier-Williams, Sir |
| 250 | _a4th ed. | ||
| 260 |
_aVaranasi : _bChowkhamba Sanskrit Series Office, _c1962 |
||
| 300 |
_axxviii, 409 p. : _c25 cm. |
||
| 490 | 1 |
_aChowkhamba Sanskrit studies, _vv. 21 |
|
| 500 | _aIncludes index | ||
| 650 | 0 |
_aSanskrit language _xGrammar. _9182299 |
|
| 830 | 0 |
_aChowkhamba Sanskrit studies, _vv. 21 _9183896 |
|
| 942 |
_2ddc _cBK |
||
| 999 |
_c61756 _d61756 |
||